Coconut embryo in vitro culture (proceedings of the first workshop on Embryo culture 27-31 Oct, 1997, Banao, Guinobatan, Albay, Philippine)

保存先:
書誌詳細
フォーマット: 図書
言語:Undetermined
出版事項: Phlippine IPGRI 1998
主題:
タグ: タグ追加
タグなし, このレコードへの初めてのタグを付けませんか!
Thư viện lưu trữ: Trung tâm Học liệu Trường Đại học Cần Thơ
LEADER 00526nam a2200157Ia 4500
001 CTU_38953
008 210402s9999 xx 000 0 und d
082 |a 634.61 
082 |b C659 
245 0 |a Coconut embryo in vitro culture (proceedings of the first workshop on Embryo culture 27-31 Oct, 1997, Banao, Guinobatan, Albay, Philippine) 
260 |a Phlippine 
260 |b IPGRI 
260 |c 1998 
650 |a coconut,coconut - culture 
904 |i Liên, 000519 
980 |a Trung tâm Học liệu Trường Đại học Cần Thơ